Applied Science (Record no. 165287)

MARC details
000 -LEADER
fixed length control field 00490nam a2200181Ia 4500
008 - FIXED-LENGTH DATA ELEMENTS--GENERAL INFORMATION
fixed length control field 230612s9999 xx 000 0 und d
041 ## - LANGUAGE CODE
Language code of text/sound track or separate title eng
082 ## - DEWEY DECIMAL CLASSIFICATION NUMBER
Classification number 600 PAR
100 ## - MAIN ENTRY--PERSONAL NAME
Personal name Parulekar P. Deshpande J.
9 (RLIN) 124401
245 ## - TITLE STATEMENT
Title Applied Science
Remainder of title With Practicales
260 ## - PUBLICATION, DISTRIBUTION, ETC. (IMPRINT)
Date of publication, distribution, etc. 1992
Name of publisher, distributor, etc. Shree publications
300 ## - PHYSICAL DESCRIPTION
Extent 34
365 ## - TRADE PRICE
Currency code Rs.
Price amount 40.00
500 ## - GENERAL NOTE
Keywords W. 2003-04
700 ## - ADDED ENTRY--PERSONAL NAME
Personal name Parulekar P. Deshpande J.
9 (RLIN) 124401
906 ## - LOCAL DATA ELEMENT F, LDF (RLIN)
d B:07-Apr-2008
c ALLEDS
Holdings
Withdrawn status Lost status Damaged status Not for loan Home library Current library Date acquired Vendor Budget Code Cost, normal purchase price Bill number Full call number Barcode Date last seen Cost, replacement price Bill Date Koha item type Original Barcode
Withdrawn       Cummins College of Engineering for Women Pune Cummins College of Engineering for Women Pune 03/10/1992 Shree publications ALLEDS 40.00 9392 600 PAR CCEP-BK-1005 12/06/2023 40.00 07/04/2008 Books 001005